Представление документа в формате MARC21

ПолеНазваниеЗначение
  Тип записи a
  Библиографический уровень m
001 Контрольный номер RU/URAIT/584166
005 Дата корректировки 20260429163601.5
008 Кодируемые данные 260429s2026 RU y f j 000 0 rus u
020 Индекс ISBN __
a ISBN 978-5-534-00326-0
c Цена, тираж 1569.00
040 Источник каталогиз. __
a Служба первич. каталог. ИКО Юрайт
c Служба, преобразующая запись ИКО Юрайт
e Правила каталог. RCR
041 Код языка издания __
a Код языка текста rus
044 Код страны публикации __
a Код страны публикации RU
080 Индекс УДК __
a Индекс УДК 340.12(075.8)
084 Индекс другой классификации/Индекс ББК __
2 Источник индекса rubbk
a Индекс другой классификации/Индекс ББК 67.0я73
100 Автор __
a Автор Грибакин А. В.
q Полное имя Грибакин Александр Васильевич
245 Заглавие __
a Заглавие Философия права и закона
b Продолж. заглавия учебник для вузов
c Ответственность А. В. Грибакин [и др.] ; под редакцией А. В. Грибакина.
256 Характеристики компьютерного файла __
a Характеристики компьютерного файла Электрон. дан.
260 Выходные данные __
a Место издания Москва
b Издательство Юрайт
c Дата издания 2026
300 Физическое описание __
a Объем 289 с
440 Серия __
a Серия Высшее образование
500 Примечания __
a Примечание URL: https://urait.ru/bcode/584166 (дата обращения: 29.04.2026).
520 Аннотация __
a Аннотация «Демократия, не одухотворенная моралью, — рай для подлецов», утверждают авторы книги. Отбросив традиционные трактовки правопонимания, предлагают оригинальные концепции природы и значения права, юридического закона. В центре внимания категория социального статуса личности. Дана критика теории естественного права. На уровне социальной «атомистики» показаны криптоционные (скрытые) механизмы формирования фактических прав индивидов. Имеются практически ориентированные выводы. Книга адресована студентам, магистрантам, преподавателям, политикам, журналистам, всем, кто интересуется вопросами философии и социологии права и закона.
538 Прим. о системных особенностях __
a Прим. о системных особенностях Режим доступа: Электронно-библиотечная система Юрайт, для авториз. пользователей
653 Ключевые слова __
a Ключевые слова Основы государства и права. Теория государства и права
653 Ключевые слова __
a Ключевые слова Юридические науки
653 Ключевые слова __
a Ключевые слова Философия права
700 Другие авторы __
a Другие авторы Глазырин В. А.
q Полное имя Глазырин Валерий Алексеевич
700 Другие авторы __
a Другие авторы Грибакина Э. Н.
q Полное имя Грибакина Эльвира Николаевна
700 Другие авторы __
a Другие авторы Жильцова Ю. В.
q Полное имя Жильцова Юлия Владимировна
700 Другие авторы __
a Другие авторы Новикова С. В.
q Полное имя Новикова Светлана Валерьевна
700 Другие авторы __
a Другие авторы Ионайтис О. Б.
q Полное имя Ионайтис Ольга Борисовна
700 Другие авторы __
a Другие авторы Коновкин Е. С.
q Полное имя Коновкин Евгений Сергеевич
700 Другие авторы __
a Другие авторы Лебедев Д. В.
q Полное имя Лебедев Дмитрий Валерьевич
700 Другие авторы __
a Другие авторы Постоляко Л. С.
q Полное имя Постоляко Лариса Станиславовна
700 Другие авторы __
a Другие авторы Холстинин Р. Н.
q Полное имя Холстинин Роберт Николаевич
856 Электронный адрес документа 40
n Местонахождение сервера Юрайт
g Электронная книга
q Тип электронного формата html
h Имя пользователя ЮРАЙТ
v Часы доступа к ресурсу 20271231
2 Способ доступа Показать документ
x Служебное примечание https://urait.ru/book/cover/1012A5B0-D317-4DEF-BDEC-6AFD3B984298
u URL https://urait.ru/bcode/584166
856 Электронный адрес документа 48
q Тип электронного формата cover
u URL https://urait.ru/book/cover/1012A5B0-D317-4DEF-BDEC-6AFD3B984298
911 __
u 0030=https://urait.ru/bcode/584166
911 __
u 073a=9785534003260
u 073d=1569.00
911 __
u 106a=s
911 __
u 900l=
952 Тип литературы __
i Дисциплина Философия права